Highway geology, Philadelphia to Pittsburgh, (Record no. 27592)
[ view plain ]
| 000 -LEADER | |
|---|---|
| fixed length control field | 00905cam a22002411 4500 |
| 001 - CONTROL NUMBER | |
| control field | gs 39000356 |
| 003 - CONTROL NUMBER IDENTIFIER | |
| control field | DLC |
| 005 - DATE AND TIME OF LATEST TRANSACTION | |
| control field | 20260227111345.0 |
| 008 - FIXED-LENGTH DATA ELEMENTS--GENERAL INFORMATION | |
| fixed length control field | 770602s1939 pauab 000 0 eng c |
| 010 ## - LIBRARY OF CONGRESS CONTROL NUMBER | |
| LC control number | gs 39000356 |
| 035 ## - SYSTEM CONTROL NUMBER | |
| System control number | (OCoLC)3012184 |
| 040 ## - CATALOGING SOURCE | |
| Original cataloging agency | U.S. Geol. Survey. Library |
| Transcribing agency | OT |
| Modifying agency | DLC |
| 050 00 - LIBRARY OF CONGRESS CALL NUMBER | |
| Classification number | QE157 |
| Item number | .W53 |
| 100 1# - MAIN ENTRY--PERSONAL NAME | |
| Personal name | Willard, Bradford, |
| Dates associated with a name | 1894- |
| 245 10 - TITLE STATEMENT | |
| Title | Highway geology, Philadelphia to Pittsburgh, |
| Statement of responsibility, etc. | by Bradford Willard. |
| 260 ## - PUBLICATION, DISTRIBUTION, ETC. | |
| Place of publication, distribution, etc. | Harrisburg, Pa., |
| Name of publisher, distributor, etc. | Department of internal affairs, Topographic and geologic survey, |
| Date of publication, distribution, etc. | 1939. |
| 300 ## - PHYSICAL DESCRIPTION | |
| Extent | 2 p.l., 42 p. |
| Other physical details | illus., 2 maps (1 fold.) fold. tab. |
| Dimensions | 23 cm. |
| 440 #0 - SERIES STATEMENT/ADDED ENTRY--TITLE | |
| Title | Bulletin G, |
| Volume/sequential designation | 12 |
| 500 ## - GENERAL NOTE | |
| General note | At head of title: Pennsylvania Geological survey, Fourth series. |
| 500 ## - GENERAL NOTE | |
| General note | On cover: Commonwealth of Pennsylvania. Department of internal affairs. |
| 504 ## - BIBLIOGRAPHY, ETC. NOTE | |
| Bibliography, etc. note | "References": p. 27-28. |
| 650 #0 - SUBJECT ADDED ENTRY--TOPICAL TERM | |
| Topical term or geographic name entry element | Geology |
| Geographic subdivision | Pennsylvania. |
No items available.